00947nam a2200217Ia 4500008004100000020001800041040001800059041000800077245015000085260005000235300005200285504005400337650001500391650003100406650001300437650000900450700002400459710003900483710016900522711003800691130821s2003 ck a gr spa  a958 695 111 1 aCo-BoUCMbspa00aspa00aColombia 2002 elecciones, comportamiento electoral y democraciaccompiladores Gary Hoskin, Rodolfo Masías Núñez, Miguel García Sánchez aBogotá (Colombia)bEdiciones Uniandesc2003 axviii, 289 páginasbilustraciones, gráficas aIncluye referencias bibliográficas e índices. aDemocracia aEleccioneszColombiad2002 aSufragio aVoto1 aHoskin, Garyecomp.1 aMasías Núñez, Rodolfoecomp.1 aUniversidad de los Andes (Colombia).bFacultad de Ciencias Sociales.bDepartamento de Ciencia Política.bCentro de Estudios Socioculturales e Internacionales-Ceso1 aGarcía Sánchez, Miguelecomp.